000 00820nam a2200265 a 4500
001 66978
003 BD-RjUL
005 20211209081613.0
008 170221s1980 vaua b 001 0 eng
020 _a083593151X
035 _a(BD-RjUL)67109
040 _aDLC
_cDLC
_dBD-RjUL
_beng
041 _aeng
082 0 0 _a004
_223
_bCAI 1980
100 1 _aCassel, Don,
_d1942-
_9198342
245 1 0 _aIntroduction to computers and information processing /
_cDon Cassel and Martin Jackson.
260 _aReston, Va. :
_bReston Pub. Co.,
_cc1980.
300 _axv, 525 p. :
_bill. ;
_c25 cm.
504 _aIncludes bibliographies and index.
650 0 _aComputers.
_9198343
650 0 _aElectronic data processing.
_9198344
700 1 _aJackson, Martin,
_ejoint author.
_9198345
942 _2ddc
_cBK
999 _c66978
_d66978